Fr. Conceicao Rodrigues College of Engineering

''''C'''' Odysssey Dos the Charted Water (Record no. 27528)

MARC details
000 -LEADER
fixed length control field 00289nam a2200133Ia 4500
082 ## - DEWEY DECIMAL CLASSIFICATION NUMBER
Classification number 5.13
100 ## - MAIN ENTRY--PERSONAL NAME
Personal name Mukhi Vijay
245 ## - TITLE STATEMENT
Title ''''C'''' Odysssey Dos the Charted Water
260 ## - PUBLICATION, DISTRIBUTION, ETC.
Name of publisher, distributor, etc. BPB Pub
Place of publication, distribution, etc. New Delhi
Date of publication, distribution, etc. 1992
546 ## - LANGUAGE NOTE
Language note ENGLISH
654 ## - SUBJECT ADDED ENTRY--FACETED TOPICAL TERMS
Focus term Computer
942 ## - ADDED ENTRY ELEMENTS (KOHA)
Koha item type BOOK
Holdings
Withdrawn status Lost status Damaged status Not for loan Collection Home library Current library Date acquired Source of acquisition Cost, normal purchase price Inventory number Total Checkouts Full call number Barcode Date last seen Cost, replacement price Price effective from Koha item type
        CRC Fr. Agnel's C.Rodrigues College of Engineering Fr. Agnel's C.Rodrigues College of Engineering 17/03/2023 Union Book 225.00 T 202   5.13 4908 17/03/2023 225.00 17/03/2023 BOOK
        CRC Fr. Agnel's C.Rodrigues College of Engineering Fr. Agnel's C.Rodrigues College of Engineering 17/03/2023 Union Book 225.00 T 202   5.13 4909 17/03/2023 225.00 17/03/2023 BOOK
        CRC Fr. Agnel's C.Rodrigues College of Engineering Fr. Agnel's C.Rodrigues College of Engineering 17/03/2023 Union Book 225.00 T 202   005.13 'U' 4913 17/03/2023 225.00 17/03/2023 BOOK